000 00803nam a2200229 a 4500
001 BRCA_191
005 20190320202921.0
008 870806s1987----mx-#######---s001-0dspa-#
020 _a9688160822
040 _aDLC
_cDLC
_dDLC
041 _aspa
044 _amx
050 4 _aF1386
_b.M66 1987
100 1 _aMonroy Padilla, María Isabel
_9696
245 1 0 _aGuía de las actas de cabildo de la Ciudad de México
_baños 1601-1610 : siglo XVII
_cMaría Isabel Monroy Padilla.
260 _aMéxico
_bDepartamento del Distrito Federal ; Secretaría General de Desarrollo Social
_c1987
300 _a466 p.
_c22 cm.
500 _aIncluye índice de materias e índice onomástico
500 _aEstado físico: primera hoja suelta
651 4 _aCiudad de México
_vFuentes
_xHistoria
_9697
942 _2lcc
_cB
999 _c160
_d160